| 000 -LEADER |
| fixed length control field |
00795nam a22001457a 4500 |
| 008 - FIXED-LENGTH DATA ELEMENTS--GENERAL INFORMATION |
| fixed length control field |
240612b ||||| |||| 00| 0 eng d |
| 100 ## - MAIN ENTRY--PERSONAL NAME |
| Personal name |
Ramchandan, Bindu |
| 245 ## - TITLE STATEMENT |
| Title |
Expressions of ‘concern’ among the Araya women in Kerala: Anthropological insights |
| 260 ## - PUBLICATION, DISTRIBUTION, ETC. (IMPRINT) |
| Place of publication, distribution, etc |
Man In India |
| 300 ## - PHYSICAL DESCRIPTION |
| Extent |
103(4), 2023: p.151-162 |
| 520 ## - SUMMARY, ETC. |
| Summary, etc |
This study is about various concerns shared by women among the Arayan, a marine fishing community in Kannur district of Kerala state. Like any other socially and economically downtrodden sections, of India’s population, fishing communities are also characterized by poverty, low educational attainment, and minimum mater a possessions including helping space. – Reproduced |
| 773 ## - HOST ITEM ENTRY |
| Main entry heading |
Man In India |
| 906 ## - LOCAL DATA ELEMENT F, LDF (RLIN) |
| Subject DIP |
WOMEN |
| 942 ## - ADDED ENTRY ELEMENTS (KOHA) |
| Item type |
Articles |